000 00373nam a2200157Ia 4500
003 Ost
005 20260225132555.0
008 260225s9999||||xx |||||||||||||| ||und||
040 _cfsic
041 _afre
082 _a440
100 _aThoveron Gabriel
_eAuteur
245 0 _aLeTroisième âge du quaterième pouvoire /
245 0 _cThoveron Gabriel
942 _cكتاب
999 _c34380
_d34380